000 00435nam a22001697a 4500
005 20160530102428.0
008 160530b xxu||||| |||| 00| 0 eng d
020 _a81-259-1205-3
041 _aeng
082 _b5938
100 _aMohament H. Reera & others
_91483
245 _aCostomer Relationship Mgt.
260 _aNew Delhi
_bVikas Publishing House (P) Ltd.
_c2002
300 _a222
650 _aManagement
_9241
942 _cBK
999 _c2100
_d2099